|
|
|
|
| LEADER |
00000nab a2200000ua 4500 |
| 001 |
vtls010774066 |
| 003 |
SK-MaSNL |
| 005 |
20260303123404.0 |
| 008 |
230214s1945 xo |||||||||||||||||slo| |
| 035 |
|
|
|a (urnnbn)urn:nbn:sk:snk:ar-a033vy
|
| 035 |
|
|
|a (uuid)e6012541-83d6-478d-a0a4-5f31e0fb0327
|
| 035 |
|
|
|a urn:nbn:sk:snk-ab5342
|
| 040 |
|
|
|a SNKBUCL
|b slo
|c SNKBUCL
|e AACR2
|
| 041 |
0 |
|
|a slo
|
| 044 |
|
|
|a xo
|c SK
|
| 100 |
1 |
|
|a Černáček, Jozef
|4 aut
|9 1119628
|
| 245 |
1 |
0 |
|a Účinky krátkodobého striedavého elektrického prúdu na mozog
|c Jozef Černáček
|
| 773 |
0 |
|
|t Bratislavské lekárske listy
|g Roč. 25, č. 3-12 (1945), s. 74-101
|
| 954 |
|
|
|a odborná, vedecká literatúra pôvodná (slovenská)
|2 lita
|
| 958 |
|
|
|a OND
|
| 958 |
|
|
|a EUIPO
|
| 958 |
|
|
|a article3
|
| 999 |
|
|
|c 1925594
|d 1927524
|